Riḥlat Ibn Baṭtūṭah. (Record no. 48707)
[ view plain ]
| 000 -LEADER | |
|---|---|
| fixed length control field | 00941cam a22002771 4500 |
| 001 - CONTROL NUMBER | |
| control field | ne 66000375 |
| 003 - CONTROL NUMBER IDENTIFIER | |
| control field | DLC |
| 005 - DATE AND TIME OF LATEST TRANSACTION | |
| control field | 20260227111821.0 |
| 008 - FIXED-LENGTH DATA ELEMENTS--GENERAL INFORMATION | |
| fixed length control field | 890922s1964 le 000 0 ara |
| 010 ## - LIBRARY OF CONGRESS CONTROL NUMBER | |
| LC control number | ne 66000375 |
| 025 ## - OVERSEAS ACQUISITION NUMBER | |
| Overseas acquisition number | PL480:UAR-6521 |
| 035 ## - SYSTEM CONTROL NUMBER | |
| System control number | (OCoLC)20383677 |
| 040 ## - CATALOGING SOURCE | |
| Original cataloging agency | DLC |
| Transcribing agency | WaU |
| Modifying agency | WaU |
| -- | DLC |
| 043 ## - GEOGRAPHIC AREA CODE | |
| Geographic area code | a------ |
| -- | f------ |
| 050 00 - LIBRARY OF CONGRESS CALL NUMBER | |
| Classification number | G370 |
| Item number | .I2 1964a |
| 100 0# - MAIN ENTRY--PERSONAL NAME | |
| Personal name | Ibn Batuta, |
| Dates associated with a name | 1304-1377. |
| 240 10 - UNIFORM TITLE | |
| Uniform title | Tuḥfat al-nuẓẓār fī gharāʼib al-amṣār wa-ʻajāʼib al-asfār. |
| Form subheading | Selections |
| 245 10 - TITLE STATEMENT | |
| Title | Riḥlat Ibn Baṭtūṭah. |
| 260 ## - PUBLICATION, DISTRIBUTION, ETC. | |
| Place of publication, distribution, etc. | Bayrūt, |
| Name of publisher, distributor, etc. | Dār Ṣādir, |
| Date of publication, distribution, etc. | 1964. |
| 300 ## - PHYSICAL DESCRIPTION | |
| Extent | 749 p. |
| Dimensions | 24 cm. |
| 500 ## - GENERAL NOTE | |
| General note | Cover title: The travels of Ibn Baṭṭuta. |
| 500 ## - GENERAL NOTE | |
| General note | Title, p. 6: Tuḥfat al-nuẓẓār fī gharāʼib al-amṣār wa-ʻajāʼib al-asfār. |
| 651 #0 - SUBJECT ADDED ENTRY--GEOGRAPHIC NAME | |
| Geographic name | Asia |
| General subdivision | Description and travel. |
| 651 #0 - SUBJECT ADDED ENTRY--GEOGRAPHIC NAME | |
| Geographic name | Africa |
| General subdivision | Description and travel. |
| 740 0# - ADDED ENTRY--UNCONTROLLED RELATED/ANALYTICAL TITLE | |
| Uncontrolled related/analytical title | Travels of Ibn Baṭṭuta. |
No items available.